| 000 | 00500nam a2200181 i 4500 | ||
|---|---|---|---|
| 001 | 95181 | ||
| 003 | ES-MaACL | ||
| 005 | 20250823063050.0 | ||
| 007 | t| | ||
| 008 | 050524s1925 sp ||||1| spa d | ||
| 100 | 1 |
_aLuis André, Eloy, _d1876-1935 _974686 |
|
| 245 | 1 | 0 |
_aLógica _b: morfología mental / _cEloy Luis André. |
| 260 |
_aMadrid : _bRivadeneyra, _c1925. |
||
| 300 |
_a236 p. ; _c20 cm. |
||
| 650 | 4 |
_aLógica. _914693 |
|
| 852 |
_aES-MaACL _jF-5816 |
||
| 999 |
_c95181 _d95181 |
||